Principles of administrative law (Record no. 34026)

MARC details
000 -LEADER
fixed length control field 00462nam a2200181Ia 4500
008 - FIXED-LENGTH DATA ELEMENTS--GENERAL INFORMATION
fixed length control field 230917s9999||||xx |||||||||||||| ||und||
020 ## - ISBN
Price RS1295
040 ## - CATALOGING SOURCE
-- 211828
Original cataloging agency VIVEKANANDA LIBRARY
041 ## - Language
-- English
082 ## - DDC NUMBER
Classification number 342 J199P(6)
100 ## - MAIN ENTRY--PERSONAL NAME
Personal name Jain, M P
245 #0 - TITLE STATEMENT
Title Principles of administrative law
250 ## - EDITION STATEMENT
Edition statement 6th ed.
260 ## - PUBLICATION, DISTRIBUTION, ETC. (IMPRINT)
Place of publication, distribution, etc Gurgaon
Name of publisher, distributor, etc LexiNexis
Date of publication, distribution, etc 2013
300 ## - PHYSICAL DESCRIPTION
Pages cxlvi, 1100 p.
500 ## - GENERAL NOTE
General note 3857 31/10/2013 123 23/11/2013 Main Budget
942 ## - ADDED ENTRY ELEMENTS (KOHA)
Koha item type Books
Holdings
Withdrawn status Lost status Damaged status Not for loan Location (home branch) Sublocation or collection (holding branch) Date acquired Koha issues (times borrowed) Koha full call number Accession No. Koha date last seen Koha item type
        VIVEKANANDA LIBRARY VIVEKANANDA LIBRARY 18/03/2014   342 J199P(6) 329387 17/09/2023 Books
        VIVEKANANDA LIBRARY VIVEKANANDA LIBRARY 18/03/2014 1 342 J199P(6) 329388 04/02/2025 Books
        VIVEKANANDA LIBRARY VIVEKANANDA LIBRARY 18/03/2014   342 J199P(6) 329389 17/09/2023 Books
        VIVEKANANDA LIBRARY VIVEKANANDA LIBRARY 18/03/2014   342 J199P(6) 329390 17/09/2023 Books
        VIVEKANANDA LIBRARY VIVEKANANDA LIBRARY 18/03/2014 4 342 J199P(6) 329391 17/04/2026 Books
© Designed and Maintained by Vivekananda Library, MDU Rohtak